Classement Ligue 1 2023/2024 - Statistiques

Statistiques générales
  • Ce quiz a été pris 544 fois
  • Le résultat moyen est 13 sur 18
Statistiques - réponses
# Réponse pts % Correct
1er PSG 76
100%
2e AS Monaco 67
94%
3e Brest 61
88%
4e Lille 59
87%
6e OL 53
83%
8e OM 50
82%
5e OGC Nice 55
81%
7e RC Lens 51
79%
10e Rennes 46
67%
16e Metz 29
65%
18e Clermont Foot 25
64%
14e FC Nantes 33
64%
17e Lorient 29
64%
12e Montpellier 41
64%
11e Toulouse 43
64%
9e Reims 47
61%
13e Strasbourg 39
60%
15e Le Havre 32
56%
Aucun quiz correspondant
Distribution des résultats
% des personnes avec chaque résultat
Percentile par nombre de réponses
Votre historique - résultats
Vous n’avez pas pris ce quiz